10 größte Städte Rumänien - Statistiken

Allgemein
  • Dieses Quiz wurde 44 mal gespielt
  • Das Durchschnittsergebnis liegt bei 5 aus 10
Antwortstatistiken
Einwohner Antwort % Korrekt
1.717.000 Bukarest
97%
287.000 Cluj-Napoca
61%
238.000 Brașov
56%
251.000 Timișoara
56%
272.000 Iași
53%
264.000 Konstanza
39%
234.000 Craiova
36%
181.000 Ploiești
25%
183.000 Oradea
22%
218.000 Galați
19%
Keine übereinstimmenden Quizze gefunden
Verteilung der Resultate
Anzahl Personen mit jedem Resultat
Perzentil nach korrekt beantworteten Fragen
Ihre Resultats-Entwicklung
Sie haben dieses Quiz noch nicht gespielt